The Soviet Union /

Bibliographic Details
Main Author: Howe, G. Melvyn (George Melvyn)
Format: Book
Language:English
Published: London : Macdonald & Evans, 1968.
Series:New certificate geography series. Advanced level.
Subjects:

MARC

Tag First Indicator Second Indicator Subfields
LEADER 00000cam a22000001 4500
001 in00000301080
005 20151010142319.0
008 710519s1968 enkab b 00010 eng
010 |a  68115280  
015 |a B68-12072 
020 |a 0712119078  |c 32/6 
035 |a (OCoLC)00424450 
035 |9 ABH4184AM 
040 |a DLC  |c DLC  |d TXA  |d UtOrBLW 
043 |a e-ur--- 
049 |a TXAM  |c [850374] 
050 0 0 |a DK17  |b .H6 
082 0 |a 914.7 
100 1 |a Howe, G. Melvyn  |q (George Melvyn) 
245 1 4 |a The Soviet Union /  |c [by] G. Melvyn Howe. 
264 1 |a London :  |b Macdonald & Evans,  |c 1968. 
300 |a xix, 403 pages :  |b illustrations, maps. ;  |c 23 cm. 
336 |a text  |b txt  |2 rdacontent 
337 |a unmediated  |b n  |2 rdamedia 
338 |a volume  |b nc  |2 rdacarrier 
490 1 |a The New certificate geography series ; Advanced Level 
504 |a Bibliography: pages 381-384. 
651 0 |a Soviet Union. 
830 0 |a New certificate geography series.  |p Advanced level. 
999 |a MARS 
999 f f |s 757e424b-d94e-3636-900f-6106e0b073b0  |i 1184bfcd-20da-39fe-94ac-39a7aaa2d29c  |t 0 
952 f f |p ric  |a Texas A&M University  |b Rellis Campus  |c Joint Library Facility  |d Remote Storage  |t 0  |e DK17 .H6  |h Library of Congress classification  |i unmediated -- volume  |m A14801996772 
998 f f |a DK17 .H6  |t 0  |l Remote Storage